Christen in islamischen Ländern
| Main Author: | |
|---|---|
| Corporate Authors: | ; |
| Format: | Print Book |
| Language: | German |
| Subito Delivery Service: | Order now. |
| Check availability: | HBZ Gateway |
| WorldCat: | WorldCat |
| Interlibrary Loan: | Interlibrary Loan for the Fachinformationsdienste (Specialized Information Services in Germany) |
| Published: |
Stuttgart
Imatel Medienges.
[1993]
|
| In: | Year: 1993 |
| Standardized Subjects / Keyword chains: | B
Islamic countries
/ Christian
|
| Further subjects: | B
Religious identity
B Discrimination B Orient B Minority B Christian B Islamic countries B Christianity B Population group B Islamische Länder / Islamische Welt Christen Christianity Orientchristen Religiöse Bevölkerungsgruppe Minority Soziale Diskriminierung |
MARC
| LEADER | 00000cam a2200000 c 4500 | ||
|---|---|---|---|
| 001 | 112486654X | ||
| 003 | DE-627 | ||
| 005 | 20250424172854.0 | ||
| 007 | tu | ||
| 008 | 961015s1993 gw ||||| 00| ||ger c | ||
| 035 | |a (DE-627)112486654X | ||
| 035 | |a (DE-576)054866545 | ||
| 035 | |a (DE-599)BSZ054866545 | ||
| 035 | |a (OCoLC)248949153 | ||
| 035 | |a (OCoLC)248949153 | ||
| 035 | |a (DE-615)00738494 | ||
| 040 | |a DE-627 |b ger |c DE-627 |e rakwb | ||
| 041 | |a ger | ||
| 044 | |c XA-DE | ||
| 084 | |a RG00.12 |2 fivr | ||
| 084 | |a SG09 |2 fivs | ||
| 084 | |a 1 |a 0 |2 ssgn | ||
| 245 | 0 | 0 | |a Christen in islamischen Ländern |c [Red. Albrecht Hauser] |
| 264 | 1 | |a Stuttgart |b Imatel Medienges. |c [1993] | |
| 300 | |a 84 S. | ||
| 336 | |a Text |b txt |2 rdacontent | ||
| 337 | |a ohne Hilfsmittel zu benutzen |b n |2 rdamedia | ||
| 338 | |a Band |b nc |2 rdacarrier | ||
| 583 | 1 | |a Archivierung/Langzeitarchivierung gewährleistet |f PEBW |x XA-DE-BW |2 pdager |5 DE-24 | |
| 650 | 0 | 7 | |0 (DE-588)4010071-6 |0 (DE-627)106359940 |0 (DE-576)208885773 |a Christ |2 gnd |
| 650 | 0 | 7 | |0 (DE-588)4010074-1 |0 (DE-627)104493933 |0 (DE-576)20888579X |a Christentum |2 gnd |
| 650 | 0 | 7 | |0 (DE-588)4298384-8 |0 (DE-627)104133724 |0 (DE-576)211009512 |a Bevölkerungsgruppe |2 gnd |
| 650 | 0 | 7 | |0 (DE-588)4354651-1 |0 (DE-627)181259605 |0 (DE-576)211562815 |a Religiöse Identität |2 gnd |
| 650 | 0 | 7 | |0 (DE-588)4752223-9 |0 (DE-627)372513433 |0 (DE-576)216046890 |a Minderheit |2 gnd |
| 650 | 0 | 7 | |0 (DE-588)4012472-1 |0 (DE-627)106348310 |0 (DE-576)20889862X |a Diskriminierung |2 gnd |
| 650 | 4 | |a Islamische Länder/Islamische Welt |x Christen |x Christentum |x Orientchristen |x Religiöse Bevölkerungsgruppe |x Minderheit |x Soziale Diskriminierung | |
| 651 | 7 | |0 (DE-588)4073172-8 |0 (DE-627)104279893 |0 (DE-576)209189622 |a Islamische Staaten |2 gnd | |
| 651 | 7 | |0 (DE-588)4075699-3 |0 (DE-627)106085220 |0 (DE-576)209199067 |a Orient |2 gnd | |
| 689 | 0 | 0 | |d g |0 (DE-588)4073172-8 |0 (DE-627)104279893 |0 (DE-576)209189622 |2 gnd |a Islamische Staaten |
| 689 | 0 | 1 | |d s |0 (DE-588)4010071-6 |0 (DE-627)106359940 |0 (DE-576)208885773 |2 gnd |a Christ |
| 689 | 0 | |5 (DE-627) | |
| 700 | 1 | |a Hauser, Albrecht |e Red. |4 adp | |
| 710 | 2 | |0 (DE-588)2031814-5 |0 (DE-627)102415846 |0 (DE-576)191833185 |4 oth |a Evangelische Landeskirche in Württemberg |b Oberkirchenrat | |
| 710 | 2 | |0 (DE-588)5075972-3 |0 (DE-627)122941667 |0 (DE-576)19429577X |4 oth |a Imatel-Mediengesellschaft |g Stuttgart | |
| 889 | |w (DE-627)359032303 | ||
| 935 | |a mteo | ||
| 935 | |i mdedup | ||
| 936 | f | i | |0 (DE-627)1756133522 |a RG00.12 |b Islamische Welt |k Naher und Mittlerer Osten und Nordafrika |k Geographische Räume (länderübergreifend) und Organisationen des Nahen und Mittleren Ostens/Nordafrikas |k Islamische Welt |2 fivr |
| 936 | f | i | |0 (DE-627)1756136092 |a SG09 |b Religion/Religionsgemeinschaften |k Gesellschaft |k Religion/Religionsgemeinschaften |2 fivs |
| 938 | 1 | 0 | |0 (DE-627)1756206856 |0 (DE-615)6610147 |a Islamische Länder/Islamische Welt |2 fivt |
| 938 | 1 | 0 | |0 (DE-627)1756152209 |0 (DE-615)6608584 |a Christen |2 fivt |
| 938 | 1 | 0 | |0 (DE-627)1756175446 |0 (DE-615)6605117 |a Christentum |2 fivt |
| 938 | 1 | 0 | |0 (DE-627)1756179891 |0 (DE-615)6609855 |a Orientchristen |2 fivt |
| 938 | 1 | 0 | |0 (DE-627)1756154902 |0 (DE-615)6607151 |a Religiöse Bevölkerungsgruppe |2 fivt |
| 938 | 1 | 0 | |0 (DE-627)1756198071 |0 (DE-615)6600827 |a Minderheit |2 fivt |
| 938 | 1 | 0 | |0 (DE-627)1756240604 |0 (DE-615)6604713 |a Soziale Diskriminierung |2 fivt |
| 951 | |a BO | ||
| ELC | |b 1 | ||
| ITA | |a 1 | ||
| LOK | |0 000 xxxxxcx a22 zn 4500 | ||
| LOK | |0 001 2291138030 | ||
| LOK | |0 003 DE-627 | ||
| LOK | |0 004 112486654X | ||
| LOK | |0 005 20100408080821 | ||
| LOK | |0 008 011207||||||||||||||||ger||||||| | ||
| LOK | |0 040 |a DE-21-31 |c DE-627 |d DE-21-31 | ||
| LOK | |0 541 |e 01/397 | ||
| LOK | |0 852 |a DE-21-31 | ||
| LOK | |0 852 1 |c Pu VI 7 |m p |9 00 | ||
| LOK | |0 938 |k p | ||
| LOK | |0 939 |a 07-12-01 |b l01 | ||
| LOK | |0 000 xxxxxcx a22 zn 4500 | ||
| LOK | |0 001 4426334152 | ||
| LOK | |0 003 DE-627 | ||
| LOK | |0 004 112486654X | ||
| LOK | |0 005 20231218172920 | ||
| LOK | |0 008 231205||||||||||||||||ger||||||| | ||
| LOK | |0 040 |a DE-Tue135 |c DE-627 |d DE-Tue135 | ||
| LOK | |0 092 |o n | ||
| LOK | |0 852 |a DE-Tue135 | ||
| LOK | |0 852 1 |9 00 | ||
| LOK | |0 935 |a fivi | ||
| LOK | |0 939 |a 05-12-23 |b l01 | ||
| ORI | |a SA-MARC-ixtheoa001.raw | ||
| REL | |a 1 | ||
| STA | 0 | 0 | |a Christian,Christian,Christianity,Christian world view,World view,Christian ideology,Discrimination,Islamic countries,Islamic states,Minority,Ethnic minority,National minority,Orient,Orient,Population group,Religious identity,Religious identity,Identity |
| STB | 0 | 0 | |a Christianisme,Christianisme,Chrétien,Chrétien,Discrimination,Groupe démographique,Identité religieuse,Identité religieuse,Minorité,Orient |
| STC | 0 | 0 | |a Cristianismo,Cristianismo,Cristiandad,Cristiandad,Cristiandad (Motivo),Cristiandad,Cristiano,Cristiano,Discriminación,Grupo demográfico,populacional,populacional,Identidad religiosa,Identidad religiosa,Minoría,Oriente |
| STD | 0 | 0 | |a Cristianesimo,Cristianesimo,Cristiano,Cristiano,Discriminazione,Gruppo demografico,Identità religiosa,Identità religiosa,Minoranza,Oriente |
| STE | 0 | 0 | |a 东方,人口群组,基督徒,基督徒,基督教,基督教,基督教世界观,宗教身份,宗教认同,少数,少数党,少数派,歧视 |
| STF | 0 | 0 | |a 人口群組,基督徒,基督徒,基督教,基督教,基督教世界觀,宗教身份,宗教認同,少數,少數黨,少數派,東方,歧視 |
| STG | 0 | 0 | |a Cristianismo,Cristianismo,Cristandade,Cristandade,Cristandade (Motivo),Cristandade,Cristão,Cristão,Grupo demográfica,populacional,populacional,Identidade religiosa,Identidade religiosa,Minoria,Oriente,discriminação |
| STH | 0 | 0 | |a Восток (восточные страны, мотив),Группа населения,Дискриминация,Меньшинство,Религиозная личность (мотив),Религиозное сознание,Христианин (мотив),Христианин,Христианство (мотив),Христианство |
| STI | 0 | 0 | |a Ανατολή (μοτίβο),Διάκριση,Θρησκευτική ταυτότητα (μοτίβο),Θρησκευτική ταυτότητα,Μειονότητα,Πληθυσμιακή ομάδα,Δημογραφική ομάδα,Χριστιανισμός (μοτίβο),Χριστιανισμός,Χριστιανός (μοτίβο),Χριστιανός |
| SUB | |a REL | ||
| SYE | 0 | 0 | |a Crist , Christin,Christen,Christliche Persönlichkeit,Christen , Christianity,Christliche Mission,Missionierung,Christenheit,Christianitas,Christliche Religion,Christliche Weltanschauung , Religiöses Bewusstsein , Minderheiten,Minderheitsgruppe,Minorität,Minoritätsgruppe , Discrimination,Soziale Benachteiligung,Soziale Diskriminierung,Discrimination |
| SYF | 0 | 0 | |a Islamischer Orient,Islamische Länder,Islamische Regionen , Morgenland |
| SYG | 0 | 0 | |a Islamischer Orient,Islamische Länder,Islamische Regionen , Crist , Christin,Christen,Christliche Persönlichkeit,Christen |



